000 01899nam2a2200349 4500
001 rc\2949647
005 20260621151638.0
035 _a(NLR Aleph) 007097397
090 _a13732384
_c13732384
100 _a20110830d1934 |||y0rusy50 ca
101 0 _arus
102 _aRU
105 _aa z |||||
135 _acrmn 024apada
200 1 _aОперации на глазном яблоке, на мышцах глаза и при его повреждениях
_fСост.: д-р М.Н. Благовещенский, приват-доц. Я.К. Варшавский, проф. М.А. Левитский ... [и др.]
210 _aМосква
_aЛенинград
_cБиомедгиз
_d1934
215 _aXII, (569-1148) с.
_cил.
_d23х16 см
320 _aБиблиогр.: "Литература" в конце глав
325 _aКопия доступна в Электрон. б-ке РНБ http://vivaldi.nlr.ru/ab000001013/view
461 0 _1001rc\2949645
_12001#$aРуководство глазной хирургии$eВ 2 томах$fСост.: д-р. М.Н. Благовещенский (Москва), пр.-доц. Я.К. Варшавский (Баку), проф. С.С. Головин (Москва) ... [и др.]$gПод ред. проф. В.П. Одинцова (Москва) и проф. К.Х. Орлова (Ростов н/Д)$vТ. 2
702 1 _aБлаговещенский
_bМ. Н.
_gМихаил Наумович
_4220
702 1 _aВаршавский
_bЯ. К.
_4220
702 1 _aЛевитский
_bМ. А.
_4220
801 0 _aRU
_bNLR
_gpsbo
801 1 _aRU
_bELAR
_2rusmarc
852 _aNLR
_j33-18/504(2)
856 0 _uhttp://vivaldi.nlr.ru/ab000001013/view
856 1 _uhttp://vivaldi.nlr.ru/ab000001013/cover
856 2 _uhttp://vivaldi.nlr.ru/ab000001013/text
942 _cBOOK
980 _aNB